Красный Иран (Запись № 1169787)

Подробности
000 -МАРКЕР
контрольное поле 01973nam0a2200421 4500
001 - ИДЕНТИФИКАТОР ЗАПИСИ
контрольное поле RU\NLR\bibl\1701449
005 - ИДЕНТИФИКАТОР ВЕРСИИ
контрольное поле 20260608062653.0
010 ## - МЕЖДУНАРОДНЫЙ СТАНДАРТНЫЙ НОМЕР КНИГИ (ISBN)
Номер (ISBN) 978-5-9901347-3-7
Тираж 200
021 ## - НОМЕР ГОСУДАРСТВЕННОЙ РЕГИСТРАЦИИ
Код страны Российская Федерация
Номер 2010-79047
Номер Листа государственной регистраци 5271
035 ## - ДРУГИЕ СИСТЕМНЫЕ НОМЕРА
Идентификатор записи (NLR Aleph) 001692525
100 ## - ДАННЫЕ ОБЩЕЙ ОБРАБОТКИ
Данные общей обработки 20101118d2010 |||y0rusy50 ca
101 0# - ЯЗЫК РЕСУРСА
Язык текста, звукозаписи и т.д. русский
102 ## - СТРАНА ПУБЛИКАЦИИ ИЛИ ПРОИЗВОДСТВА
Страна публикации Российская Федерация
105 ## - ПОЛЕ КОДИРОВАННЫХ ДАННЫХ: ТЕКСТОВЫЕ МАТЕРИАЛЫ, МОНОГРАФИЧЕСКИЕ
Кодированные данные о монографическом текстовом документе y |||||||||
200 1# - ЗАГЛАВИЕ И СВЕДЕНИЯ ОБ ОТВЕТСТВЕННОСТИ
Основное заглавие Красный Иран
Сведения, относящиеся к заглавию (Петр Усачев, Рудольф Абих и Велимир Хлебников)
-- [документальная повесть]
Первые сведения об ответственности Юрий Чуйков
205 ## - СВЕДЕНИЯ ОБ ИЗДАНИИ
Сведения об издании 2-е изд.
210 ## - ПУБЛИКАЦИЯ, РАСПРОСТРАНЕНИЕ И ДР.
Место издания, распространения и т.д. Астрахань
Имя издателя, распространителя и т. д. Изд-во Нижневолжского экоцентра
Дата издания, распространения и т.д. 2010
215 ## - ФИЗИЧЕСКАЯ ХАРАКТЕРИСТИКА
Специфическое обозначение материала и объем 76 с.
Размеры 21
600 #1 - ИМЯ ЛИЦА КАК ПРЕДМЕТ
Начальный элемент ввода Хлебников
Часть имени, кроме начального элемента ввода В.В.
Даты 1885 - 1922
Расширение инициалов личного имени Велимир Владимирович
Тематический подзаголовок в художественной литературе
Системный номер авторитетной/нормативной записи 2070403
Идентификатор авторитетной/нормативной записи RU\NLR\auth\661245122
600 #1 - ИМЯ ЛИЦА КАК ПРЕДМЕТ
Начальный элемент ввода Усачев
Часть имени, кроме начального элемента ввода П.И.
Даты 1890 - 1980
Расширение инициалов личного имени Петр Иванович
Системный номер авторитетной/нормативной записи 2625985
Идентификатор авторитетной/нормативной записи RU\NLR\auth\661562545
600 #1 - ИМЯ ЛИЦА КАК ПРЕДМЕТ
Начальный элемент ввода Абих
Часть имени, кроме начального элемента ввода Р.П.
Даты 1901 - 1940
Расширение инициалов личного имени Рудольф Петрович
Системный номер авторитетной/нормативной записи 2626055
Идентификатор авторитетной/нормативной записи RU\NLR\auth\661562615
686 ## - ИНДЕКСЫ ДРУГИХ КЛАССИФИКАЦИЙ
Индекс Ш6(2=Р)8-448
686 ## - ИНДЕКСЫ ДРУГИХ КЛАССИФИКАЦИЙ
Индекс Ш5(2=Р)53-4Хлебников
686 ## - ИНДЕКСЫ ДРУГИХ КЛАССИФИКАЦИЙ
Индекс Ч612.3(2)7-8Усачев
686 ## - ИНДЕКСЫ ДРУГИХ КЛАССИФИКАЦИЙ
Индекс Ц68,6(2)-243дАбих
700 #1 - ИМЯ ЛИЦА - ПЕРВИЧНАЯ ОТВЕТСТВЕННОСТЬ
Код отношения Автор
Графика поля Кириллица
Материалы, к которым относится поле rus
Начальный элемент ввода Чуйков
Часть имени, кроме начального элемента ввода Ю. С.
Даты 1950-
Расширение инициалов личного имени Юрий Сергеевич
Системный номер авторитетной/нормативной записи 86506
Идентификатор авторитетной/нормативной записи RU\NLR\auth\77103581
702 #1 - ИМЯ ЛИЦА - ВТОРИЧНАЯ ОТВЕТСТВЕННОСТЬ
Начальный элемент ввода Усачев
Часть имени, кроме начального элемента ввода П. И.
Даты 1890-1880
Расширение инициалов личного имени Петр Иванович
Код отношения Прочие
702 #1 - ИМЯ ЛИЦА - ВТОРИЧНАЯ ОТВЕТСТВЕННОСТЬ
Код отношения Прочие
Графика поля Кириллица
Материалы, к которым относится поле rus
Начальный элемент ввода Абих
Часть имени, кроме начального элемента ввода Р. П.
Даты 1901-1940
Расширение инициалов личного имени Рудольф Петрович
Системный номер авторитетной/нормативной записи 193417
Идентификатор авторитетной/нормативной записи RU\NLR\AUTH\770193468
702 #1 - ИМЯ ЛИЦА - ВТОРИЧНАЯ ОТВЕТСТВЕННОСТЬ
Код отношения Прочие
Графика поля Кириллица
Материалы, к которым относится поле rus
Начальный элемент ввода Хлебников
Часть имени, кроме начального элемента ввода В.
Даты 1885-1922
Расширение инициалов личного имени Велимир
Системный номер авторитетной/нормативной записи 119416
Идентификатор авторитетной/нормативной записи RU\NLR\auth\779596
801 #0 - ИСТОЧНИК ЗАПИСИ
Страна Российская Федерация
Организация NLR
Дата составления 20101118
Правила каталогизации RCR
801 #1 - ИСТОЧНИК ЗАПИСИ
Страна Российская Федерация
Организация NLR
Дата составления 20101118
942 ## - ДОПОЛНИТЕЛЬНЫЕ ЭЛЕМЕНТЫ ЗАПИСИ (АБИС)
Тип экземпляра АБИС Книга
980 ## - КОЛЛЕКЦИЯ
Название коллекции Национальная библиография
Экземпляры
Тип экземпляра Дата поступления Источник поступления Библиотека постоянного хранения Библиотека текущего хранения Место хранения Шифр хранения Штрих-код Статус экземпляра
Книга 18.11.2010 Обязательный экземпляр РНБ (Московский) РНБ (Московский) Русский книжный фонд: издания с 1957 года 2010-4/14026 1-1762817  
Книга 18.11.2010 Обязательный экземпляр РНБ (Московский) РНБ (Московский) Русский книжный фонд: издания с 1957 года 2010-4/14026 3295784